000 01129nam a22002777a 4500
003 BD-DhSAU
005 20200107132252.0
008 171109b2018 bg ||||| |||| 001 0 eng d
040 _aBD-DhSAU
082 _222
_a630.2
_bAh13
100 _a Ahammad , Tanvir
_eRegistration # 12-04982
245 _aResponse of different popular varieties of Mungbean to Zinc fertilization /
_bMS thesis
_cTanvir Ahammad
260 _aSher-e-Bangla Agricultural University :
_bDepartment of Agricultural Chemistry,
_c2018
300 _aviii, 70 p. :
_bill. ;
_c30 cm.
500 _aMS thesis of Department of Agricultural Chemistry, Faculty of Agriculture, Sher-e-Bangla Agricultural University, Dhaka, Bangladesh
504 _aIncludes bibliographical reference.
590 _aShofi
650 _aAgricultural Chemistry
650 _aResponse
650 _a Mungbean
650 _aZinc fertilization
700 _a Hossain , Md. Ashraf
_eSupervisor
700 _aKhan , Md. Sirajul Islam
_eCo-Supervisor
856 _uhttp://archive.saulibrary.edu.bd:8080/xmlui/handle/123456789/2865
_yOnline Access
942 _2ddc
_cTHESIS
999 _c14839
_d14838